| 000 | 00511cam a22002051 4500 | ||
|---|---|---|---|
| 001 | sa 68017200 | ||
| 003 | DLC | ||
| 005 | 20260227112701.0 | ||
| 008 | 731108s1965 xx 000 0 ind | ||
| 010 | _asa 68017200 | ||
| 035 | _a(OCoLC)736646 | ||
| 040 |
_aDLC _cOAU _dDLC |
||
| 042 | _apremarc | ||
| 050 | 0 | 0 |
_aPL5089.W46 _bH34 |
| 100 | 1 | _aWida, Rani. | |
| 245 | 1 | 0 | _aHarta diudjung sendjata. |
| 260 |
_aTasikmalaja, _bSwandjaja _c[1965?] |
||
| 300 |
_a 105 p. _c14 cm. |
||
| 490 | 0 |
_aBuku saku ABC _vno. 73 |
|
| 999 |
_c87580 _d87580 |
||